[Event "Sparkassen-Open A"]
[Site "Heusenstamm, Martinsee"]
[Date "2017.11.26"]
[Round "7.36"]
[White "Sandten, Ulrich"]
[Black "Olesiak, Marcin"]
[Result "1-0"]
[WhiteElo "2068"]
[BlackElo "2059"]
[PlyCount "83"]
[EventDate "2017.??.??"]
[WhiteTeam "VSG Offenbach"]
[BlackTeam "SV Oberursel"]

1. e4 c5 2. Nf3 d6 3. g3 a6 4. Bg2 Nc6 5. d3 g6 6. O-O Bg7 7. c3 Nf6 8. Qe2 O-O
9. Rd1 e5 10. a3 b5 11. d4 Qe7 12. dxc5 dxc5 13. b4 Be6 14. Be3 Bc4 15. Qc2
cxb4 16. axb4 Rfd8 17. Bc5 Rxd1+ 18. Qxd1 Rd8 19. Nbd2 Qb7 20. Qe1 Bd3 21. Bf1
Bc2 22. Ra2 Ba4 23. h3 Bh6 24. h4 Qd7 25. Ng5 Bxg5 26. hxg5 Nh5 27. Kh2 f5 28.
exf5 gxf5 29. Qe2 Qf7 30. Rb2 e4 31. g4 Ne5 32. gxh5 Ng4+ 33. Kg1 Bd1 34. Qxd1
Qxh5 35. Qb3+ Kg7 36. Bg2 Qxg5 37. Bd4+ Kh6 38. Qe6+ Kh5 39. Qf7+ Kh4 40. Qxh7+
Nh6 41. Be3 f4 42. Qxe4 1-0

[Event "Sparkassen-Open A"]
[Site "Heusenstamm, Martinsee"]
[Date "2017.11.26"]
[Round "7.37"]
[White "Hahn, Florian"]
[Black "Held, Maurice"]
[Result "1-0"]
[WhiteElo "2141"]
[BlackElo "1870"]
[PlyCount "37"]
[EventDate "2017.??.??"]
[WhiteTeam "SC Herborn"]
[BlackTeam "SC Ladja Roßdorf"]

1. Nf3 c5 2. c4 g6 3. g3 Bg7 4. Bg2 Nc6 5. Nc3 e6 6. d4 Nxd4 7. Nxd4 cxd4 8.
Ne4 d6 9. Qa4+ Kf8 10. Qa3 Ne7 11. Nxd6 Qc7 12. Bd2 Be5 13. Bh6+ Kg8 14. c5 Qd7
15. Rc1 Bxd6 16. cxd6 Nc6 17. O-O Qe8 18. Qc5 Bd7 19. Bxc6 1-0

[Event "Sparkassen-Open A"]
[Site "Heusenstamm, Martinsee"]
[Date "2017.11.26"]
[Round "7.38"]
[White "Weiss, Matthias"]
[Black "Bethke, Richard"]
[Result "1/2-1/2"]
[WhiteElo "2063"]
[BlackElo "2134"]
[PlyCount "57"]
[EventDate "2017.??.??"]
[WhiteTeam "SF Schöneck"]
[BlackTeam "SF Neuberg"]

1. e4 c5 2. c3 Nf6 3. e5 Nd5 4. d4 cxd4 5. Nf3 Nc6 6. Bc4 Nb6 7. Bb3 d6 8. exd6
Qxd6 9. Nxd4 Nxd4 10. cxd4 Be6 11. Bxe6 Qxe6+ 12. Be3 g6 13. O-O Bg7 14. Nc3
O-O 15. Re1 Qd7 16. Qb3 Rfd8 17. Rad1 Nd5 18. Bg5 Bf6 19. Bxf6 Nxf6 20. d5 Rac8
21. h3 Rc5 22. Re3 Nxd5 23. Rxd5 Rxd5 24. Nxd5 Qxd5 25. Qxd5 Rxd5 26. Rxe7 Rb5
27. b3 Kg7 28. g3 Kf6 29. Rc7 1/2-1/2

[Event "Sparkassen-Open A"]
[Site "Heusenstamm, Martinsee"]
[Date "2017.11.26"]
[Round "7.39"]
[White "Pfeffer, Marko"]
[Black "Rendboe, John Filip"]
[Result "0-1"]
[WhiteElo "2039"]
[BlackElo "2127"]
[PlyCount "92"]
[EventDate "2017.??.??"]
[WhiteTeam "SC Bergen-Enkheim"]
[BlackTeam "Aarhus/Skolerne"]

1. e4 c5 2. Be2 Nc6 3. d3 g6 4. f4 Bg7 5. Nf3 e6 6. c3 d5 7. Nbd2 Nge7 8. O-O
O-O 9. Qe1 e5 10. Nxe5 Nxe5 11. fxe5 Bxe5 12. Nf3 Bg7 13. Qh4 Nc6 14. Bg5 f6
15. Bh6 Be6 16. Bxg7 Kxg7 17. b3 Qd6 18. Rad1 d4 19. Qe1 Rad8 20. cxd4 Nxd4 21.
Nxd4 Qxd4+ 22. Qf2 b6 23. Qxd4 Rxd4 24. Kf2 a5 25. Rb1 Re8 26. Rfd1 Bd7 27. a3
f5 28. Bf3 Bb5 29. exf5 Bxd3 30. Rb2 gxf5 31. Rbd2 Red8 32. Ke3 f4+ 33. Kf2 Kf6
34. g3 Kg5 35. h4+ Kf5 36. g4+ Kf6 37. g5+ Kf5 38. Rg1 Be4 39. Bg4+ Ke5 40. Re2
Rd2 41. Rge1 Rxe2+ 42. Rxe2 Rd3 43. h5 f3 44. Re1 Kf4 45. Kf1 Rd2 46. Rxe4+
Kxe4 0-1

[Event "Sparkassen-Open A"]
[Site "Heusenstamm, Martinsee"]
[Date "2017.11.26"]
[Round "7.40"]
[White "Edel, Thomas"]
[Black "Grund, Sebastian"]
[Result "1/2-1/2"]
[WhiteElo "2104"]
[BlackElo "1799"]
[PlyCount "47"]
[EventDate "2017.??.??"]
[WhiteTeam "SF Hannover"]
[BlackTeam "MTV Saalfeld"]

1. d4 Nf6 2. Nf3 g6 3. c4 Bg7 4. Nc3 d5 5. cxd5 Nxd5 6. Bd2 O-O 7. e4 Nxc3 8.
Bxc3 c5 9. d5 Bxc3+ 10. bxc3 e6 11. Be2 exd5 12. exd5 Qf6 13. Qd2 Bf5 14. O-O
Nd7 15. Rfe1 Rad8 16. a4 Nb6 17. c4 Nc8 18. Bd3 Bxd3 19. Qxd3 Nd6 20. Rad1 Rfe8
21. Nd2 Re5 22. Rxe5 Qxe5 23. Nf3 Qf4 24. g3 1/2-1/2

[Event "Sparkassen-Open A"]
[Site "Heusenstamm, Martinsee"]
[Date "2017.11.26"]
[Round "7.41"]
[White "Kuhn, Gerhard"]
[Black "Rondonuwu, Grover"]
[Result "0-1"]
[WhiteElo "2035"]
[BlackElo "2098"]
[PlyCount "76"]
[EventDate "2017.??.??"]
[WhiteTeam "SK Marburg"]
[BlackTeam "Frankfurter TV"]

1. d4 d5 2. Nf3 Nf6 3. e3 c6 4. c4 e6 5. Nbd2 Nbd7 6. b3 b6 7. Bd3 Bb7 8. O-O
Bd6 9. Bb2 Qe7 10. Re1 O-O 11. e4 dxe4 12. Nxe4 Nxe4 13. Bxe4 Nf6 14. Bc2 Ba3
15. Bc3 Bb4 16. Qd3 Rfd8 17. Rad1 a5 18. Re2 Bxc3 19. Qxc3 Qb4 20. Qb2 Qf8 21.
Ng5 Rd7 22. Ne4 Qe7 23. f3 Rad8 24. Red2 c5 25. Kf1 Nxe4 26. Bxe4 Bxe4 27. fxe4
Rxd4 28. Qc2 e5 29. Rxd4 exd4 30. Qd3 Re8 31. Re1 Qe5 32. Qh3 g6 33. Qd7 Kg7
34. Kg1 Re7 35. Qc6 f5 36. Qxb6 fxe4 37. Qxa5 e3 38. Qd8 e2 0-1

[Event "Sparkassen-Open A"]
[Site "Heusenstamm, Martinsee"]
[Date "2017.11.26"]
[Round "7.42"]
[White "Syed, Tareq"]
[Black "Karimi, Farhad"]
[Result "1/2-1/2"]
[WhiteElo "2023"]
[BlackElo "2097"]
[PlyCount "89"]
[EventDate "2017.??.??"]
[WhiteTeam "SC Brett vorm Kopp"]
[BlackTeam "Satranç Club"]

1. d3 d5 2. e4 dxe4 3. dxe4 Qxd1+ 4. Kxd1 e5 5. g3 Nc6 6. Bh3 Bxh3 7. Nxh3
O-O-O+ 8. Nd2 f6 9. c3 h5 10. Ke2 h4 11. g4 g5 12. Nc4 Rh7 13. Rd1 Rxd1 14.
Kxd1 b5 15. Ne3 Rd7+ 16. Ke2 Na5 17. b3 Nb7 18. f3 Bc5 19. Bb2 Ne7 20. Rd1 Rxd1
21. Nxd1 Ng6 22. Ne3 c6 23. Ng2 Kd7 24. Bc1 a5 25. Kd3 Nd8 26. Ne3 Nf4+ 27.
Nxf4 exf4 28. Nd1 Nf7 29. h3 Ne5+ 30. Ke2 b4 31. cxb4 axb4 32. Bb2 Ke6 33. Bxe5
Kxe5 34. Kd3 Bd4 35. Kc4 c5 36. Kd3 Kd6 37. Kc2 Kc6 38. Nb2 Bxb2 39. Kxb2 Kb5
40. a4+ bxa3+ 41. Kxa3 Ka5 42. Ka2 Kb4 43. Kb2 c4 44. bxc4 Kxc4 45. Kc2 1/2-1/2

[Event "Sparkassen-Open A"]
[Site "Heusenstamm, Martinsee"]
[Date "2017.11.26"]
[Round "7.43"]
[White "Thomas, Ingo"]
[Black "Felten, Maximilian"]
[Result "1/2-1/2"]
[WhiteElo "2095"]
[BlackElo "1675"]
[PlyCount "23"]
[EventDate "2017.??.??"]
[WhiteTeam "Krefelder SK Turm"]
[BlackTeam "SG Trier"]

1. e4 e6 2. d4 d5 3. Nd2 Nf6 4. e5 Nfd7 5. Bd3 c5 6. c3 Nc6 7. Ne2 Qb6 8. Nf3
Be7 9. O-O f6 10. Ng3 cxd4 11. exf6 Bxf6 12. Ng5 1/2-1/2

[Event "Sparkassen-Open A"]
[Site "Heusenstamm, Martinsee"]
[Date "2017.11.26"]
[Round "7.44"]
[White "Musiolik, David"]
[Black "Calvi, Stefan"]
[Result "1-0"]
[WhiteElo "1958"]
[BlackElo "2092"]
[PlyCount "95"]
[EventDate "2017.??.??"]
[WhiteTeam "SC Ramstein"]
[BlackTeam "SF Frankfurt"]

1. e4 c5 2. Nf3 Nc6 3. d4 cxd4 4. Nxd4 Nf6 5. Nc3 e5 6. Ndb5 d6 7. Bg5 a6 8.
Na3 b5 9. Nd5 Be7 10. Bxf6 Bxf6 11. c4 b4 12. Nc2 a5 13. Qd3 Bg5 14. Be2 Be6
15. O-O O-O 16. Bf3 Rc8 17. a3 bxa3 18. bxa3 Ne7 19. Rab1 Bxd5 20. cxd5 Qc7 21.
Ne3 Qc3 22. Rb3 Qxd3 23. Rxd3 f5 24. exf5 Bxe3 25. fxe3 Rxf5 26. Bg4 Rxf1+ 27.
Kxf1 Rc1+ 28. Ke2 Kf7 29. Be6+ Kg6 30. Rb3 Rc2+ 31. Kf3 Nf5 32. Bxf5+ Kxf5 33.
g4+ Kg5 34. Rb6 Rxh2 35. Rxd6 Rh3+ 36. Ke4 Kxg4 37. Re6 g5 38. d6 Rh1 39. Rxe5
Rh6 40. d7 Rd6 41. Rd5 Rxd7 42. Rxd7 h5 43. Ra7 h4 44. Rxa5 h3 45. Rb5 h2 46.
Rb1 Kg3 47. Kf5 g4 48. Rh1 1-0

[Event "Sparkassen-Open A"]
[Site "Heusenstamm, Martinsee"]
[Date "2017.11.26"]
[Round "7.45"]
[White "Rack, Matthias"]
[Black "Hebbering, Tom Elliot"]
[Result "0-1"]
[WhiteElo "1984"]
[BlackElo "2184"]
[PlyCount "62"]
[EventDate "2017.??.??"]
[WhiteTeam "SF Neuberg"]
[BlackTeam "SK Gernsheim"]

1. d4 d5 2. Nf3 Nf6 3. c4 c6 4. e3 e6 5. Bd3 Nbd7 6. O-O dxc4 7. Bxc4 b5 8. Be2
Bb7 9. b3 a6 10. Ba3 Bxa3 11. Nxa3 Qe7 12. Nc2 c5 13. Rc1 O-O 14. dxc5 Nxc5 15.
Qd4 Rfd8 16. Qh4 Rac8 17. Ncd4 Nce4 18. Rxc8 Rxc8 19. g4 Nd5 20. g5 Ndc3 21.
Bd3 h6 22. g6 Qxh4 23. gxf7+ Kxf7 24. Nxh4 Nxa2 25. f3 Nc5 26. Bg6+ Kf6 27. Rf2
Nc3 28. b4 Nd7 29. Rd2 Ne5 30. Bc2 Nc4 31. Rd3 Nd5 0-1

[Event "Sparkassen-Open A"]
[Site "Heusenstamm, Martinsee"]
[Date "2017.11.26"]
[Round "7.46"]
[White "Klings, Peter"]
[Black "Wachsmann, Dietmar"]
[Result "1-0"]
[WhiteElo "2145"]
[BlackElo "1999"]
[PlyCount "81"]
[EventDate "2017.??.??"]
[WhiteTeam "Freibauer Mörlenbach"]
[BlackTeam "SC Groß-Umstadt"]

1. Nf3 d5 2. c4 e6 3. g3 c6 4. b3 Nf6 5. Bb2 Be7 6. Bg2 O-O 7. O-O Nbd7 8. Qc2
b6 9. d3 Bb7 10. Nbd2 Rc8 11. Rad1 Qc7 12. e4 dxe4 13. dxe4 e5 14. Qc3 Bd6 15.
Rfe1 Rfe8 16. Nh4 g6 17. Bh3 Rcd8 18. Qf3 Bf8 19. a3 Bg7 20. Qe3 Nc5 21. Bf1
Rd7 22. Nhf3 Ng4 23. Qc3 Red8 24. h3 Nh6 25. Re3 f6 26. b4 Na4 27. Qb3 Nxb2 28.
c5+ Nf7 29. Qxb2 Bh6 30. Rc3 Ng5 31. Ra1 Rxd2 32. Nxd2 Rxd2 33. Qb3+ Qf7 34.
Bc4 Rd5 35. exd5 cxd5 36. Bf1 Ne4 37. c6 Bc8 38. Rc2 Kg7 39. Rd1 Be6 40. c7 Nd6
41. Rc6 1-0

[Event "Sparkassen-Open A"]
[Site "Heusenstamm, Martinsee"]
[Date "2017.11.26"]
[Round "7.47"]
[White "Rosenberger, Frank"]
[Black "Perske, Paul"]
[Result "1/2-1/2"]
[WhiteElo "2141"]
[BlackElo "1968"]
[PlyCount "21"]
[EventDate "2017.??.??"]
[WhiteTeam "SK Gernsheim"]
[BlackTeam "Vorw.Orient Mainz"]

1. e4 e5 2. Nf3 Nc6 3. d4 exd4 4. Nxd4 Bc5 5. Nb3 Be7 6. Nc3 Nf6 7. Be2 d6 8.
f3 Be6 9. Be3 d5 10. exd5 Nxd5 11. Nxd5 1/2-1/2

[Event "Sparkassen-Open A"]
[Site "Heusenstamm, Martinsee"]
[Date "2017.11.26"]
[Round "7.48"]
[White "Heindrich, Mark"]
[Black "Angermünde, Dirk"]
[Result "1-0"]
[WhiteElo "2134"]
[BlackElo "1989"]
[PlyCount "47"]
[EventDate "2017.??.??"]
[WhiteTeam "TuS Dotzheim"]
[BlackTeam "SF Gerresheim"]

1. e4 e6 2. d4 d5 3. Nc3 Nf6 4. e5 Nfd7 5. Nf3 c5 6. dxc5 Bxc5 7. Bd3 Nc6 8.
Bf4 a6 9. Qe2 Nd4 10. Nxd4 Bxd4 11. O-O Qc7 12. Rfe1 Bxc3 13. bxc3 Qxc3 14. Qg4
g6 15. Re3 Qb4 16. Qh4 h5 17. Rg3 Qe7 18. Bg5 Qf8 19. c4 dxc4 20. Bxc4 b5 21.
Bb3 Qc5 22. Qe4 Qa7 23. Bxe6 fxe6 24. Qxg6+ 1-0

[Event "Sparkassen-Open A"]
[Site "Heusenstamm, Martinsee"]
[Date "2017.11.26"]
[Round "7.49"]
[White "Meiser, Markus"]
[Black "Schmidt, Max"]
[Result "1-0"]
[WhiteElo "2117"]
[BlackElo "1992"]
[PlyCount "53"]
[EventDate "2017.??.??"]
[WhiteTeam "Sges Bensheim"]
[BlackTeam "Frankfurter TV"]

1. d4 Nf6 2. c4 e6 3. Nf3 b6 4. g3 Bb7 5. Bg2 Be7 6. Nc3 O-O 7. O-O d6 8. Qc2
c5 9. d5 exd5 10. Ng5 h6 11. Nxd5 Bxd5 12. Bxd5 Nbd7 13. Bxa8 Qxa8 14. Nf3 Re8
15. Rd1 Ne4 16. Be3 g5 17. Nd2 Nef6 18. Qf5 Bf8 19. Nf3 Qc6 20. Rd5 g4 21. Nh4
Nxd5 22. cxd5 Qc7 23. Qxg4+ Kh8 24. Nf5 Kh7 25. Bxh6 Nf6 26. Qh4 Kg6 27. Qg5+
1-0

[Event "Sparkassen-Open A"]
[Site "Heusenstamm, Martinsee"]
[Date "2017.11.26"]
[Round "7.50"]
[White "Prill, Gerhard"]
[Black "Schröder, Jürgen"]
[Result "1/2-1/2"]
[WhiteElo "1960"]
[BlackElo "2116"]
[PlyCount "41"]
[EventDate "2017.??.??"]
[WhiteTeam "SC Heitersheim"]
[BlackTeam "SC Matt im Park"]

1. e4 g6 2. d4 Bg7 3. Nf3 d6 4. c3 Nd7 5. Bd3 e5 6. dxe5 Nxe5 7. Nxe5 dxe5 8.
O-O Nf6 9. Re1 O-O 10. Qc2 Be6 11. Nd2 Qe7 12. Nc4 Nd7 13. b3 Rfd8 14. Ba3 Qg5
15. Bc1 Qh4 16. g3 Qf6 17. Be3 Bf8 18. h4 h6 19. b4 Kh7 20. Rad1 Bg4 21. Rd2
1/2-1/2

[Event "Sparkassen-Open A"]
[Site "Heusenstamm, Martinsee"]
[Date "2017.11.26"]
[Round "7.51"]
[White "Flach, Erich"]
[Black "Kolker, Vladislav"]
[Result "1/2-1/2"]
[WhiteElo "2107"]
[BlackElo "1985"]
[PlyCount "27"]
[EventDate "2017.??.??"]
[WhiteTeam "SK Langen"]
[BlackTeam "SC Bad Nauheim"]

1. d4 Nf6 2. c4 g6 3. Nc3 Bg7 4. e4 d6 5. Nf3 O-O 6. Be2 Na6 7. O-O e5 8. Be3
Ng4 9. Bg5 Qe8 10. Re1 f6 11. Bc1 f5 12. exf5 gxf5 13. c5 e4 14. h3 1/2-1/2

[Event "Sparkassen-Open A"]
[Site "Heusenstamm, Martinsee"]
[Date "2017.11.26"]
[Round "7.52"]
[White "Gentner, Markus"]
[Black "Köllner, Christof"]
[Result "0-1"]
[WhiteElo "1978"]
[BlackElo "2099"]
[PlyCount "72"]
[EventDate "2017.??.??"]
[WhiteTeam "SC Murrhardt"]
[BlackTeam "SV Bergneustadt/Derschlag"]

1. Nf3 d6 2. d4 Nf6 3. c4 g6 4. Nc3 Bf5 5. Qb3 Qc8 6. Bf4 Bg7 7. h3 Nc6 8. d5
Nb8 9. Nh4 Bd7 10. e4 O-O 11. Be2 h6 12. Be3 Na6 13. Qc2 c5 14. g4 Kh7 15. Qd2
Rh8 16. O-O-O Nc7 17. f4 Nfe8 18. Nf3 b5 19. e5 bxc4 20. Bxc4 Rb8 21. Bd3 Nb5
22. Nxb5 Bxb5 23. Bb1 Qa6 24. Rh2 Bc4 25. b3 Bxb3 26. axb3 Rxb3 27. Qe2 Qa1 28.
Qc2 Rc3 29. Rd3 Rxc2+ 30. Rxc2 Qa4 31. Bd2 Nc7 32. Ra2 Qc4+ 33. Rc3 Qf1+ 34.
Kc2 Nxd5 35. Rb3 c4 36. Rba3 c3 0-1

[Event "Sparkassen-Open A"]
[Site "Heusenstamm, Martinsee"]
[Date "2017.11.26"]
[Round "7.53"]
[White "Neininger, Ralph"]
[Black "Schmitt, Carsten"]
[Result "1-0"]
[WhiteElo "2069"]
[BlackElo "1962"]
[PlyCount "101"]
[EventDate "2017.??.??"]
[WhiteTeam "Frankfurter TV"]
[BlackTeam "SV Bergwinkel"]

1. d4 d5 2. c4 e6 3. Nc3 c5 4. cxd5 exd5 5. Nf3 Nc6 6. g3 Nf6 7. Bg2 Be7 8. O-O
O-O 9. Bg5 c4 10. Ne5 Be6 11. f4 h6 12. Bxf6 Bxf6 13. f5 Bxe5 14. dxe5 Qb6+ 15.
Kh1 Qxb2 16. fxe6 fxe6 17. Rxf8+ Rxf8 18. Qc1 Qxc1+ 19. Rxc1 Kf7 20. Nxd5 exd5
21. Bxd5+ Kg6 22. Be4+ Kg5 23. Rxc4 Re8 24. h4+ Kh5 25. Bf3+ Kg6 26. Bxc6 bxc6
27. Rxc6+ Kf5 28. e6 Re7 29. Kg2 Rb7 30. Rd6 Re7 31. Kf3 g5 32. hxg5 hxg5 33.
g4+ Ke5 34. Rd7 Rxe6 35. Rxa7 Rf6+ 36. Kg3 Rc6 37. Ra5+ Kf6 38. Kf3 Rc3+ 39. e3
Rc1 40. a4 Rf1+ 41. Ke4 Kg6 42. Ra6+ Kg7 43. a5 Rf8 44. Rb6 Re8+ 45. Kd4 Rd8+
46. Ke5 Re8+ 47. Re6 Rb8 48. a6 Kf7 49. Rc6 Re8+ 50. Kd6 Rxe3 51. Kc7 1-0

[Event "Sparkassen-Open A"]
[Site "Heusenstamm, Martinsee"]
[Date "2017.11.26"]
[Round "7.54"]
[White "Medvedovski, Michael"]
[Black "Berberich, Christoph"]
[Result "1-0"]
[WhiteElo "2048"]
[BlackElo "1958"]
[PlyCount "47"]
[EventDate "2017.??.??"]
[WhiteTeam "Frankfurter TV"]
[BlackTeam "SGEM Dreisamtal"]

1. e4 c5 2. Nf3 Nc6 3. d4 cxd4 4. Nxd4 Nf6 5. Nc3 e5 6. Ndb5 d6 7. Nd5 Nxd5 8.
exd5 Nb8 9. a4 Be7 10. Be3 a6 11. Na3 O-O 12. Nc4 Nd7 13. a5 f5 14. f4 exf4 15.
Bxf4 Nc5 16. Be2 g5 17. Be3 Ne4 18. O-O f4 19. Bd4 Bf5 20. Nb6 Rb8 21. Bg4 Bxg4
22. Qxg4 Rf7 23. Rae1 Nc5 24. b4 1-0

[Event "Sparkassen-Open A"]
[Site "Heusenstamm, Martinsee"]
[Date "2017.11.26"]
[Round "7.55"]
[White "Lotz, Ralf"]
[Black "Cichy, Michael"]
[Result "0-1"]
[WhiteElo "1910"]
[BlackElo "2078"]
[PlyCount "72"]
[EventDate "2017.??.??"]
[WhiteTeam "SC Obertshausen"]
[BlackTeam "SC BS Gliesmarode"]

1. d4 Nf6 2. Nf3 e6 3. c4 Bb4+ 4. Bd2 a5 5. a3 Bxd2+ 6. Nbxd2 a4 7. e4 d6 8.
Bd3 O-O 9. O-O e5 10. h3 Re8 11. Bc2 Bd7 12. Re1 Nc6 13. d5 Ne7 14. Nb1 Rf8 15.
Nc3 Qe8 16. Rc1 Ra5 17. Nd2 Ng6 18. Bd3 Qb8 19. Bf1 Rc8 20. b4 axb3 21. Qxb3
Rf8 22. Qb4 b6 23. Nb3 Ra8 24. Ra1 Nf4 25. a4 Qd8 26. a5 bxa5 27. Rxa5 Rb8 28.
Qa3 N6h5 29. Ne2 Qg5 30. Nxf4 Nxf4 31. Kh2 f5 32. g3 fxe4 33. Rxe4 Nxh3 34.
Bxh3 Rxf2+ 35. Bg2 Qf5 36. Re1 Qh3+ 0-1

[Event "Sparkassen-Open A"]
[Site "Heusenstamm, Martinsee"]
[Date "2017.11.26"]
[Round "7.56"]
[White "Schnelting, Michael"]
[Black "Pabel, Ralph"]
[Result "1-0"]
[WhiteElo "2075"]
[BlackElo "1950"]
[PlyCount "121"]
[EventDate "2017.??.??"]
[WhiteTeam "SK Werne"]
[BlackTeam "SK Mainaschaff"]

1. g3 d5 2. Nf3 c6 3. c4 e6 4. Bg2 Bd6 5. O-O Nd7 6. Qc2 Ne7 7. d4 f5 8. Nbd2
Ng6 9. e3 Nf6 10. Rb1 Qe7 11. a3 O-O 12. b4 e5 13. dxe5 Nxe5 14. Nxe5 Bxe5 15.
cxd5 cxd5 16. Bb2 Bd6 17. Bxf6 Qxf6 18. Bxd5+ Kh8 19. Nc4 Bc7 20. Qb2 Qe7 21.
Rbd1 Rb8 22. Rd2 Bd7 23. b5 Be8 24. a4 Rf6 25. Qa3 Qxa3 26. Nxa3 Ba5 27. Rc2
Bb4 28. Nc4 b6 29. Ne5 Bc5 30. Bc6 Re6 31. Nd3 Be7 32. Bxe8 Rxe8 33. Rc7 Ra8
34. Rfc1 Kg8 35. Nf4 Re4 36. Rd1 g5 37. Nh5 Kf7 38. Rdd7 a6 39. Rb7 axb5 40.
axb5 Re6 41. Ng7 Kxg7 42. Rxe7+ Rxe7 43. Rxe7+ Kf6 44. Rxh7 Rb8 45. Rh6+ Ke5
46. Kg2 g4 47. h4 gxh3+ 48. Kxh3 Ke4 49. Kg2 Rb7 50. Rc6 Rb8 51. Rh6 Rb7 52.
Rh4+ Ke5 53. Rh5 Ke4 54. Rh6 Rb8 55. Rc6 Rb7 56. Rc3 Ra7 57. f3+ Ke5 58. Rc6
Rb7 59. f4+ Kd5 60. Kf3 Rb8 61. Rf6 1-0

[Event "Sparkassen-Open A"]
[Site "Heusenstamm, Martinsee"]
[Date "2017.11.26"]
[Round "7.57"]
[White "Herlan, Klaus-Jürgen"]
[Black "Hess, Steffen"]
[Result "1/2-1/2"]
[WhiteElo "1931"]
[BlackElo "2027"]
[PlyCount "44"]
[EventDate "2017.??.??"]
[WhiteTeam "SK Marmstorf"]
[BlackTeam "SC Groß-Zimmern"]

1. d4 Nf6 2. Bf4 g6 3. Nf3 Bg7 4. Nc3 d6 5. e4 O-O 6. h3 Nbd7 7. Qd2 c6 8. a4
Qc7 9. Be2 Re8 10. O-O e5 11. dxe5 dxe5 12. Bh6 Bxh6 13. Qxh6 Nc5 14. Qe3 Ne6
15. Rfd1 a5 16. Rd2 Bd7 17. Rad1 Rad8 18. Bc4 Kg7 19. b3 b6 20. Ng5 Nxg5 21.
Qxg5 h6 22. Qe3 Bc8 1/2-1/2

[Event "Sparkassen-Open A"]
[Site "Heusenstamm, Martinsee"]
[Date "2017.11.26"]
[Round "7.58"]
[White "Laux, Dominik"]
[Black "Eichner, Christian"]
[Result "0-1"]
[WhiteElo "1888"]
[BlackElo "2064"]
[PlyCount "40"]
[EventDate "2017.??.??"]
[WhiteTeam "VSG Offenbach"]
[BlackTeam "SV TuR Dresden"]

1. d4 f5 2. Bg5 g6 3. e3 Bg7 4. h4 h6 5. Bf4 Nf6 6. Nf3 d6 7. Nbd2 Be6 8. c4
O-O 9. Rc1 c5 10. d5 Bf7 11. Qc2 b5 12. b3 Qa5 13. Bd3 Na6 14. Ke2 Nb4 15. Qb1
Qxa2 16. Bxf5 gxf5 17. Qxf5 bxc4 18. bxc4 Nfxd5 19. Ng5 Nxf4+ 20. Qxf4 Bh5+ 0-1

[Event "Sparkassen-Open A"]
[Site "Heusenstamm, Martinsee"]
[Date "2017.11.26"]
[Round "7.59"]
[White "Von Auer, Ulrich"]
[Black "Hochmuth, Christian"]
[Result "1/2-1/2"]
[WhiteElo "2055"]
[BlackElo "1911"]
[PlyCount "40"]
[EventDate "2017.??.??"]
[WhiteTeam "SF Frankfurt"]
[BlackTeam "SG Wächtersbach"]

1. d4 Nf6 2. c4 g6 3. Nc3 Bg7 4. e4 d6 5. h3 O-O 6. Bg5 Na6 7. Bd3 e5 8. d5 c5
9. Qd2 Nc7 10. Nge2 Qe8 11. g4 Rb8 12. Ng3 a6 13. a4 b6 14. Bh6 Bxh6 15. Qxh6
Kh8 16. f3 Ng8 17. Qd2 Bd7 18. O-O Rb7 19. b3 Qe7 20. Kg2 Rfb8 1/2-1/2

[Event "Sparkassen-Open A"]
[Site "Heusenstamm, Martinsee"]
[Date "2017.11.26"]
[Round "7.60"]
[White "Lesny, Florian"]
[Black "Marchese, Gaspare"]
[Result "1-0"]
[WhiteElo "2041"]
[BlackElo "1899"]
[PlyCount "85"]
[EventDate "2017.??.??"]
[WhiteTeam "SK Niederbrechen"]
[BlackTeam "SC Matt im Park"]

1. e4 e6 2. d4 d5 3. e5 c5 4. c3 Nc6 5. Nf3 Nge7 6. Na3 cxd4 7. cxd4 Nf5 8. Nc2
Bd7 9. Bd3 Be7 10. O-O g5 11. Be3 h6 12. Qe2 Ng7 13. Nd2 Qb6 14. Nb3 O-O-O 15.
Rfc1 Kb8 16. Rab1 Rc8 17. Nc5 Bxc5 18. dxc5 Qc7 19. Bd4 Nf5 20. Bc3 Nfe7 21. b4
Ng6 22. Bxg6 fxg6 23. b5 Na5 24. c6 Be8 25. Nd4 Nc4 26. Nxe6 Qe7 27. Nd4 Rf8
28. Bb4 Qf7 29. Bxf8 Qxf8 30. cxb7 Kxb7 31. e6 Qf4 32. Rd1 Ne5 33. g3 Qf6 34.
a4 Rc4 35. Re1 Rxa4 36. Qxe5 Qxe5 37. Rxe5 Rxd4 38. e7 Rd2 39. Rc1 d4 40. Rcc5
d3 41. Rcd5 Rd1+ 42. Kg2 d2 43. Re2 1-0

[Event "Sparkassen-Open A"]
[Site "Heusenstamm, Martinsee"]
[Date "2017.11.26"]
[Round "7.61"]
[White "Müdder, Melanie"]
[Black "Hentzgen, Thomas"]
[Result "0-1"]
[WhiteElo "1737"]
[BlackElo "2037"]
[PlyCount "54"]
[EventDate "2017.??.??"]
[WhiteTeam "SG Solingen"]
[BlackTeam "USV Halle"]

1. e4 c5 2. Nf3 Nc6 3. d4 cxd4 4. Nxd4 Nf6 5. Nc3 e5 6. Ndb5 d6 7. Bg5 a6 8.
Na3 b5 9. Nd5 Be7 10. Bxf6 Bxf6 11. c3 Bb7 12. Nc2 Nb8 13. a4 bxa4 14. Rxa4 Nd7
15. Nce3 O-O 16. Ra2 Nc5 17. Qf3 Bg5 18. Bc4 Bxe3 19. Qxe3 Qh4 20. b4 Qxe4 21.
Nb6 Qb1+ 22. Ke2 Qxh1 23. Nxa8 Rxa8 24. bxc5 Qxg2 25. Ke1 dxc5 26. Qxc5 Qe4+
27. Kf1 Rc8 0-1

[Event "Sparkassen-Open A"]
[Site "Heusenstamm, Martinsee"]
[Date "2017.11.26"]
[Round "7.62"]
[White "Schweizer, Manfred"]
[Black "Rieger, Mario"]
[Result "1/2-1/2"]
[WhiteElo "2032"]
[BlackElo "1897"]
[PlyCount "54"]
[EventDate "2017.??.??"]
[WhiteTeam "Post-SV Memmingen"]
[BlackTeam "MS Halver-Schalksmühle"]

1. g3 Nf6 2. Bg2 c6 3. Nf3 g6 4. d3 d5 5. Nbd2 Bg7 6. O-O O-O 7. e4 dxe4 8.
dxe4 Bg4 9. h3 Bxf3 10. Qxf3 Nbd7 11. Qe2 Rc8 12. e5 Nd5 13. e6 Nc5 14. exf7+
Rxf7 15. Ne4 Nxe4 16. Qxe4 Qb6 17. c4 Nf6 18. Qe2 Nh5 19. Be3 Bd4 20. Bxd4 Qxd4
21. Kh2 e5 22. Rad1 Qc5 23. Rd2 Rcf8 24. Be4 Ng7 25. b3 Ne6 26. Kg2 Nd4 27. Qg4
Nf5 1/2-1/2

[Event "Sparkassen-Open A"]
[Site "Heusenstamm, Martinsee"]
[Date "2017.11.26"]
[Round "7.63"]
[White "Küpper, Martin"]
[Black "Mager, Thomas"]
[Result "1-0"]
[WhiteElo "2031"]
[BlackElo "1863"]
[PlyCount "55"]
[EventDate "2017.??.??"]
[WhiteTeam "SC Fulda"]
[BlackTeam "vereinslos"]

1. e4 e6 2. d4 d5 3. Nc3 Nc6 4. Nf3 Nf6 5. Bg5 Be7 6. e5 Ne4 7. Be3 Bb4 8. Qd3
Nxc3 9. bxc3 Be7 10. Be2 O-O 11. h4 f5 12. exf6 Bxf6 13. Ng5 Bxg5 14. hxg5 g6
15. O-O-O Qe7 16. Kb1 b5 17. Rh2 Rf7 18. Rdh1 Rg7 19. Ka1 Rb8 20. Bg4 Na5 21.
Bc1 Nc4 22. Re1 Rb6 23. f4 Qd6 24. f5 Ra6 25. f6 Rf7 26. Rxh7 Kxh7 27. Rh1+ Kg8
28. Qxg6+ 1-0

[Event "Sparkassen-Open A"]
[Site "Heusenstamm, Martinsee"]
[Date "2017.11.26"]
[Round "7.64"]
[White "Krastev, Alexander"]
[Black "Reinecke, Katharina"]
[Result "1-0"]
[WhiteElo "2027"]
[BlackElo "1888"]
[PlyCount "65"]
[EventDate "2017.??.??"]
[WhiteTeam "Biebertaler SF"]
[BlackTeam "SK Langen"]

1. e4 c6 2. d4 d5 3. Nc3 dxe4 4. Nxe4 Bf5 5. Ng3 Bg6 6. Nf3 Nd7 7. h4 h6 8. h5
Bh7 9. Bd3 Bxd3 10. Qxd3 e6 11. Bd2 Ngf6 12. O-O-O Be7 13. Kb1 O-O 14. Ne4 Nxe4
15. Qxe4 Nf6 16. Qe2 Qd5 17. Be3 Qb5 18. c4 Qf5+ 19. Ka1 Rfe8 20. Ne5 c5 21. g4
Qh7 22. g5 hxg5 23. h6 cxd4 24. Bxg5 g6 25. Rxd4 Nh5 26. Rg4 Bxg5 27. Rxg5 Kf8
28. Qf3 Ke7 29. Nxg6+ Qxg6 30. Rxg6 fxg6 31. Qxb7+ Kf6 32. Qf3+ Ke7 33. Qe4 1-0